000
00227 a2200097 4500
001
14901
100
_a
Seby John
245
_a
A short history of south Africa
260
_a
London
_b
London George Allen
_c
090
_c
11668
_d
11668
942
_a
NUST-CAE
_c
M
_c
1856
999
_c
249974
_d
249974